Sledovanie degradácie mechanických vlastností konštrukčných materiálov jadrových zariadení s dôrazom na využitie metódy nanoindentácie a pozitrónovej anihilačnej spektroskopie
Uložené v:
| Hlavný autor: | |
|---|---|
| Ďalší autori: | |
| Médium: | Rukopis Kniha |
| Jazyk: | Slovak |
| Vydavateľské údaje: |
Bratislava :
STU v Bratislave FEI,
2021
|
| Predmet: | |
| On-line prístup: | https://opac.crzp.sk/?fn=detailBiblioForm&sid=52328540584FDC4D938E2CAB80F2&seo=CRZP-detail-kniha |
| Tagy: |
Žiadne tagy, Buďte prvý, kto otaguje tento záznam!
|
MARC
| LEADER | 00000ntm a22000003a 4500 | ||
|---|---|---|---|
| 001 | stuzp84020 | ||
| 003 | SK-STU | ||
| 005 | 20211118132809.0 | ||
| 007 | ta | ||
| 008 | 150427s2015----xo-----f-mn---000-0-slo-d | ||
| 040 | |a STU |b slo | ||
| 041 | 0 | |a slo | |
| 044 | |a xo | ||
| 100 | 1 | |a Gatciová, Andrea |u 036000 |4 aut |U FEI Fakulta elektrotechniky a informatiky |T FEI Ústav jadrového a fyzikálneho inžinierstva |X 87082 |U E060 |Y 817 |7 87082 | |
| 242 | 0 | 1 | |a Monitoring of degradation of mechanical properties of nuclear facilities construction materials with emphasis on the use of nanoindentation and positron annihilation spectroscopy |y eng |
| 245 | 1 | 0 | |a Sledovanie degradácie mechanických vlastností konštrukčných materiálov jadrových zariadení s dôrazom na využitie metódy nanoindentácie a pozitrónovej anihilačnej spektroskopie |
| 260 | |a Bratislava : |b STU v Bratislave FEI, |c 2021 | ||
| 300 | |a 98 s. | ||
| 650 | 4 | |a nanoindentácia |2 slo | |
| 650 | 4 | |a pozitrónová anihilačná spektroskopia - metóda Dopplerovského rozšírenia anihilačnej čiary |2 slo | |
| 650 | 4 | |a implantácia materiálu iónmi hélia |2 slo | |
| 650 | 4 | |a difúzna dĺžka pozitrónu |2 slo | |
| 650 | 4 | |a f/m ocele |2 slo | |
| 650 | 4 | |a nanoindentation |2 eng | |
| 650 | 4 | |a positron annihilation spectroscopy |2 eng | |
| 650 | 4 | |a positron diffusion length |2 eng | |
| 650 | 4 | |a slow positron Doppler broadening technique |2 eng | |
| 650 | 4 | |a He ions |2 eng | |
| 700 | 1 | |a Degmová, Jarmila |u 036000 |k Z1 |4 ths |U FEI Fakulta elektrotechniky a informatiky |T FEI Ústav jadrového a fyzikálneho inžinierstva |X 1915 |U E060 |Y 817 |7 A000001915 | |
| 856 | 4 | |u https://opac.crzp.sk/?fn=detailBiblioForm&sid=52328540584FDC4D938E2CAB80F2&seo=CRZP-detail-kniha | |